000 00701nam a2200229 a 4500
003 DO-SdBNP
005 20260429123224.0
007 ta
008 220929e2020 dr |||grf||| 001 0 spa d
040 _aDO-SdBNP
_bspa
_cBNPHU
082 4 _bP953i
_222
245 0 0 _a1o. informe de observación electoral 2020
246 _aPrimero informe de observación electoral 2020
260 _aSanto Domingo :
_bParticipación Ciudadana,
_c2020.
300 _a37 p. ;
_c22 cm.
590 _aInventariado 2022 / MF
650 4 _92992
_aElecciones
_zRepública Dominicana
650 4 _977844
_aSufragio
_zRepùblica Dominicana
650 2 0 _aParticipación política
_9456
910 _aMFeliz
942 _2ddc
_cLF2
999 _c52492
_d52492